Statistics for Countries of Africa by Road Signs

Click here to take the quiz!

General Stats

  • This quiz has been taken 12 times
  • The average score is 18 of 55

Answer Stats

Answer% Correct
Burkina Faso
89%
Chad
89%
Egypt
89%
Namibia
89%
Tunisia
89%
Zambia
89%
Benin
78%
Congo
78%
Mali
78%
Mozambique
78%
South Africa
78%
Togo
78%
Ethiopia
56%
Gabon
56%
Kenya
56%
Zimbabwe
56%
Burundi
44%
Democratic Republic of the Congo
44%
Algeria
33%
Cameroon
33%
Cote D'Ivoire
33%
Djibouti
33%
Ghana
33%
Mauritania
33%
Morocco
33%
Niger
33%
South Sudan
33%
Tanzania
33%
Nigeria
22%
Senegal
22%
Angola
11%
Cabo Verde
11%
Central African Republic
11%
Eswatini
11%
Guinea
11%
Guinea Bissau
11%
Liberia
11%
Libya
11%
Madagascar
11%
Rwanda
11%
Sao Tome and Principe
11%
Uganda
11%
Western Sahara
11%
Botswana
0%
Comoros
0%
Equatorial Guinea
0%
Eritrea
0%
Gambia
0%
Lesotho
0%
Malawi
0%
Mauritius
0%
Seychelles
0%
Sierra Leone
0%
Somalia
0%
Sudan
0%

Score Distribution

Percentile by Number Answered

Percent of People with Each Score

Your Score History

You have not taken this quiz